00490nam a2200193 a 4500001001300000003000900013005001700022008004100039020001000080082002000090100002800110245002400138260003200162300000900194500003500203505001000238650002000248700002800268nice12345678IN_TiNIC20260116013358.0050524s1993 laha grp 000 0 eng  ac50000a954.035092bKHA aKhaliquzzaman, Choudhry aPathway to Pakistan aLahorebBrothers Pub.c1993 a432p aincludes index and biblioraphy2 aIndex aIndia-Partition1 aKhaliquzzaman, Choudhry